Seeds of freedom (Record no. 786171)

MARC details
000 -LEADER
fixed length control field 00545nam a22001817a 4500
003 - CONTROL NUMBER IDENTIFIER
control field 3228
005 - DATE AND TIME OF LATEST TRANSACTION
control field 20250919121238.0
008 - FIXED-LENGTH DATA ELEMENTS--GENERAL INFORMATION
fixed length control field eng
020 ## - INTERNATIONAL STANDARD BOOK NUMBER
International Standard Book Number 9781401929039
040 ## - CATALOGING SOURCE
Original cataloging agency RDA
Language of cataloging eng
Transcribing agency 3228
Modifying agency 3228
050 ## - LIBRARY OF CONGRESS CALL NUMBER
Classification number 158.1 WILS
100 ## - MAIN ENTRY--PERSONAL NAME
9 (RLIN) 196675
Personal name Heather Marie Wilson
245 ## - TITLE STATEMENT
Title Seeds of freedom
Remainder of title cultivating a life that matters
Statement of responsibility, etc. Heather Marie Wilson
260 ## - PUBLICATION, DISTRIBUTION, ETC.
Place of publication, distribution, etc. Carlsbad California
Name of publisher, distributor, etc. Hay House, Inc.
Date of publication, distribution, etc. 2011
300 ## - PHYSICAL DESCRIPTION
Extent xxii, 209 pages
Dimensions 23 centimeters
650 #0 - SUBJECT ADDED ENTRY--TOPICAL TERM
9 (RLIN) 181711
Topical term or geographic name entry element Quality of life
General subdivision Evaluation
942 ## - ADDED ENTRY ELEMENTS
Source of classification or shelving scheme Dewey Decimal Classification
item type Book
Call number prefix 158.1
Call number suffix WILS
-- 170
-- Busisiwe Dlamini
-- 170
-- Busisiwe Dlamini
Holdings
Withdrawn status Lost status Source of classification or shelving scheme Damaged status Not for loan Collection code Home library Current library Shelving location Date acquired Total Checkouts Full call number Barcode Date last seen Price effective from item type
    Dewey Decimal Classification     100: Philosophy & Psychology Ethandukukhanya Public Library Ethandukukhanya Public Library General Stacks 19.09.2025   158.1 WILS 33228031062559 19.09.2025 19.09.2025 Book